Manažment kultúry

Bibliographic Details
Main Author: Tuma, Miroslav, 1931- (Author)
Format: Book
Language:Slovak
PhysicalDescription:131 s. ilustr. 20 cm
Published: Bratislava Národné osvetové centrum 2000
ISBN:8071212040
Subjects:

MARC

LEADER 00000nam a2200000 a 4500
001 vtls001415892
003 SK-MaSNL
005 20260302001531.0
008 240315s2000 xo a frf 000 0 slo
015 |a SNBA2001/08-02887 
020 |a 8071212040 
035 |a SNK000370636 
035 |a urn:nbn:sk:snk-amkn05 
035 |a urn:nbn:sk:snk-am003bm8 
035 |a C63F85DF-3673-4856-AC8C-B66DE78A51A7 
040 |a SNK  |b slo  |c SNK  |e AACR2 
041 0 |a slo 
044 |a xo  |c SK 
072 7 |a 005  |x Manažment. Riadenie  |2 konspekt  |2 SNKPH 
072 7 |a 316.7  |x Sociológia kultúry. Kultúrny život  |2 konspekt 
080 |a 304.2/.4  |2 2011 
080 |a 316.7  |2 2011 
080 |a 005.742-057.162  |2 2011 
080 |a 005.95/.96  |2 2011 
080 |a (035)  |2 2011 
100 1 |a Tuma, Miroslav,  |d 1931-  |4 aut  |9 88447 
245 1 0 |a Manažment kultúry  |c Miroslav Tuma 
260 |a Bratislava  |b Národné osvetové centrum  |c 2000 
300 |a 131 s.  |b ilustr.  |c 20 cm 
500 |a 300 výt. 
504 |a Bibliogr. s. 127-128 
650 0 7 |a manažment kultúry  |2 SNKPH  |9 22198 
650 0 7 |a kultúra  |2 SNKPH  |9 886 
650 0 7 |a strategický manažment  |2 SNKPH  |9 3637 
650 0 7 |a manažéri  |2 SNKPH  |9 1758 
650 0 7 |a personálny manažment  |2 SNKPH  |9 936 
650 0 7 |a personálna politika  |2 SNKPH  |9 29117 
650 0 7 |a Cultural management  |2 SNKPHeng  |9 422788 
650 0 7 |a Culture  |2 SNKPHeng  |9 265082 
650 0 7 |a Strategic planning  |2 SNKPHeng  |9 290308 
650 0 7 |a Executives  |2 SNKPHeng  |9 275365 
650 0 7 |a Personnel management  |2 SNKPHeng  |9 265622 
655 7 |a príručky  |2 SNKPH  |9 74364 
655 7 |a Handbooks, manuals, etc.  |2 SNKPHeng  |9 90964 
919 |a 80-7121-204-0 
958 |a TL 
958 |a NB 
999 |c 984255  |d 986185 
952 |t P60, <03>, [BOOK], {603}  |a SNK  |b SNK  |y PREZ  |7 0  |p 17A0305442  |o snkSC 105278  |i snkKSP 7887/2001  |0 0  |1 0  |4 0  |d 2001-06-29  |f 1  |l 0  |r 2025-09-25 00:00:00  |w 2026-02-24 
952 |t P60, <04>, [BOOK], {604}  |a SNK  |b SNK  |y VYP  |7 0  |p 17A0305441  |o snkSC 105278 D1  |i snkKSP 7888/2001  |0 0  |1 0  |4 0  |d 2001-06-29  |l 0  |r 2005-01-02 00:00:00  |w 2026-02-24